[Event "AUTO-INT-3471"]
[Site "http://www.queenalice.com/game.php?id=1587116"]
[Date "2019.10.17"]
[Round "1"]
[White "vincenzo"]
[Black "fracasso"]
[Result "1-0"]
[WhiteElo "1630"]
[BlackElo "1458"]

1. d4 d5 2. e3 Nf6 3. Bd3 b6 4. Nf3 c5 5. dxc5 bxc5 6. O-O e6 7. c4 dxc4 8. Bxc4
Nfd7 9. Nc3 Nc6 10. a3 Bd6 11. Qxd6 Ne7 12. Qd1 O-O 13. Qc2 Nb6 14. Qe4 Bd7 15.
Bd3 Bc6 16. Qxh7# 1-0

[Event "AUTO-INT-3471"]
[Site "http://www.queenalice.com/game.php?id=1587117"]
[Date "2019.10.17"]
[Round "1"]
[White "fracasso"]
[Black "Danado"]
[Result "1-0"]
[WhiteElo "1449"]
[BlackElo "1666"]

1. e4 e5 2. Nf3 d6 3. Bd3 Nc6 4. O-O Nf6 5. Bc4 Be6 6. Bd3 Bg4 7. h3 Bxf3 8.
Qxf3 Nd4 9. Qd1 d5 10. c3 Nc6 11. Qb3 b6 12. g3 dxe4 13. Bb5 Qd6 14. Bc4 Nd8 15.
Qb5+ Nc6 16. Re1 a6 17. Qa4 b5 18. Bxb5 Be7 19. Bxc6+ 1-0

[Event "AUTO-INT-3471"]
[Site "http://www.queenalice.com/game.php?id=1587118"]
[Date "2019.10.17"]
[Round "1"]
[White "Danado"]
[Black "fracasso"]
[Result "1-0"]
[WhiteElo "1714"]
[BlackElo "1477"]

1. e4 e5 2. Qf3 f6 3. Bc4 c6 4. Bxg8 Rxg8 5. d3 d5 6. exd5 cxd5 7. Ne2 d4 8. h3
Nc6 9. Qh5+ Kd7 10. Qxh7 Bb4+ 11. Bd2 Bxd2+ 12. Nxd2 Kc7 13. Ng3 Be6 14. Nde4
Nb4 15. Kd2 Qd7 16. Qh5 Rh8 17. Qd1 Rh4 18. Nc5 Qd5 19. Nxe6+ Qxe6 20. c3 dxc3+
21. bxc3 Nd5 22. Ne4 Nf4 23. Qf3 Kd7 24. Nc5+ Kd6 25. Nxe6 Kxe6 26. Qxb7 Rd8 27.
d4 exd4 28. Rhe1+ Kf5 29. c4 Nxg2 30. Qxg2 g6 31. Rab1 d3 32. Rb5+ 1-0

[Event "AUTO-INT-3480"]
[Site "http://www.queenalice.com/game.php?id=1590787"]
[Date "2019.11.21"]
[Round "1"]
[White "poeleabois"]
[Black "fracasso"]
[Result "0-1"]
[WhiteElo "1631"]
[BlackElo "1449"]

1. e4 e5 2. Nf3 Nc6 3. Bb5 a6 4. Bxc6 dxc6 5. Nxe5 Be6 6. d3 Qd4 7. Nf3 Qb4+ 8.
Nc3 O-O-O 9. O-O g6 10. a3 Qc5 11. Be3 Qd6 12. e5 Qe7 13. Bg5 f6 14. exf6 Nxf6
15. Ne4 Bg7 16. h3 h6 17. Bxf6 Bxf6 18. Nxf6 Qxf6 19. b4 b6 20. Re1 Bf5 21. g4
Bd7 22. d4 a5 0-1

[Event "AUTO-INT-3480"]
[Site "http://www.queenalice.com/game.php?id=1590788"]
[Date "2019.11.21"]
[Round "1"]
[White "fracasso"]
[Black "poeleabois"]
[Result "1-0"]
[WhiteElo "1424"]
[BlackElo "1656"]

1. e4 e5 2. Nf3 d6 3. d4 Nc6 4. d5 Nce7 5. Bb5+ Bd7 6. Bc4 c6 7. O-O Nf6 8. Nc3
h6 9. b4 Qc7 10. h3 c5 11. bxc5 Qxc5 12. Qe1 Qxc4 13. Nd2 Qd4 14. Ne2 Qxa1 15.
Ng3 Bb5 16. Nb3 Qxa2 17. Nf5 Bxf1 18. Qxf1 Qxc2 19. Nxd6+ Kd7 20. Nxf7 Rh7 21.
Nxe5+ 1-0

[Event "AUTO-INT-3480"]
[Site "http://www.queenalice.com/game.php?id=1590803"]
[Date "2019.11.21"]
[Round "1"]
[White "fracasso"]
[Black "saturnin"]
[Result "0-1"]
[WhiteElo "1410"]
[BlackElo "1593"]

1. e4 e5 2. Nf3 d6 3. d4 exd4 4. Nxd4 c5 5. Nf5 a6 6. Bc4 b5 7. Bd5 Ra7 8. O-O
Nf6 9. Nc3 b4 10. Ne2 Bb7 11. c4 Nbd7 12. a3 Nxd5 13. cxd5 g6 14. Ne3 Bg7 15.
axb4 cxb4 16. b3 Bxa1 17. Bd2 Be5 18. Bxb4 O-O 19. g3 a5 20. Ba3 Qe7 21. f4 Bg7
22. Nd4 Qf6 23. Nb5 Ra6 24. Ng4 Qe7 25. Bxd6 Qxe4 26. Re1 Qxd5 27. Qe2 Qh1+ 28.
Kf2 Qg2+ 29. Ke3 Re8+ 30. Be5 f6 31. Qc4+ Bd5 32. Qd3 fxe5 33. Nc7 exf4+ 34.
Kxf4 Rxe1 35. Nxa6 h6 36. Nc7 Re4+ 37. Qxe4 Qxe4# 0-1

[Event "AUTO-INT-3480"]
[Site "http://www.queenalice.com/game.php?id=1590804"]
[Date "2019.11.21"]
[Round "1"]
[White "saturnin"]
[Black "fracasso"]
[Result "0-1"]
[WhiteElo "1588"]
[BlackElo "1401"]

1. d4 d5 2. b3 Nc6 3. c3 Nf6 4. a4 e5 5. b4 Ne4 6. e3 Bd6 7. Bb5 O-O 8. Nf3 a6
9. Bd3 b6 10. Bb2 a5 11. b5 Ne7 12. Bxe4 dxe4 13. Nfd2 c6 14. Nxe4 Nf5 15. O-O
exd4 16. cxd4 Re8 17. Nxd6 Qxd6 18. g3 cxb5 19. axb5 Be6 20. g4 Qb4 21. gxf5
Bxf5 22. Qe2 Rac8 23. f3 Rc2 24. Qe1 Qxb2 25. Rf2 Qxa1 26. Rf1 Rec8 27. e4 Rc1
28. Qf2 Rxb1 29. exf5 Rcc1 30. Rxc1 Rxc1+ 31. Kg2 a4 32. Qe3 h6 33. d5 Qb2+ 34.
Kg3 a3 35. d6 Rd1 36. Qe8+ Kh7 37. d7 Rg1+ 38. Kf4 Qd2+ 39. Ke5 Qe3+ 40. Kd6
Qxe8 41. dxe8=Q a2 42. Qc6 a1=Q 43. Qxb6 Rd1+ 44. Kc7 Qc1+ 45. Kb7 Rd7+ 46. Kb8
Qf4+ 47. Ka8 Qxf5 48. Qc6 Qd5 49. f4 Qxc6+ 50. bxc6 Rc7 0-1

[Event "AUTO-INT-3480"]
[Site "http://www.queenalice.com/game.php?id=1590805"]
[Date "2019.11.21"]
[Round "1"]
[White "fracasso"]
[Black "Ruusgugg"]
[Result "0-1"]
[WhiteElo "1438"]
[BlackElo "1381"]

1. e4 d5 2. Nc3 d4 3. Nd5 e6 4. Nf4 e5 5. Nd3 Nc6 6. c3 f5 7. exf5 Bxf5 8. g4
Be6 9. Nc5 Bd5 10. Nxb7 Qe7 11. f3 Rb8 12. Ba6 h5 13. c4 Be6 14. Bb5 Bd7 15. Ne2
Rxb7 16. O-O Qh4 17. d3 Bd6 18. a3 hxg4 19. fxg4 Qxh2# 0-1

[Event "AUTO-INT-3480"]
[Site "http://www.queenalice.com/game.php?id=1590806"]
[Date "2019.11.21"]
[Round "1"]
[White "Ruusgugg"]
[Black "fracasso"]
[Result "1-0"]
[WhiteElo "1355"]
[BlackElo "1458"]

1. e4 e5 2. d4 f6 3. Nf3 Bb4+ 4. c3 Bd6 5. d5 c6 6. Bd3 Ne7 7. O-O cxd5 8. exd5
Nxd5 9. Bc4 Ne7 10. g4 g5 11. Qb3 b6 12. Bf7+ Kf8 13. Bh5 f5 14. Qf7# 1-0

[Event "Challenge"]
[Site "http://www.queenalice.com/game.php?id=1591802"]
[Date "2019.12.1"]
[Round "-"]
[White "fracasso"]
[Black "dejami"]
[Result "0-1"]
[WhiteElo "1466"]
[BlackElo "1740"]

1. e4 e5 2. Nf3 d6 3. d4 f6 4. Bd3 Bg4 5. h3 Bh5 6. O-O g5 7. g4 Bf7 8. h4 Be6
9. hxg5 Bxg4 10. Nc3 Qd7 11. dxe5 fxe5 12. Be2 Qg7 13. Nh2 Bh3 14. Bg4 Bxg4 15.
Qxg4 Nc6 16. Nd5 Kd8 17. f4 Nd4 18. fxe5 dxe5 19. c3 Nc6 20. Nf3 Bd6 21. Nh4 Nh6
22. Qh3 Na5 23. a3 c6 24. Qe6 Bc5+ 25. Be3 Bxe3+ 26. Nxe3 Rc8 27. Qd6+ Ke8 28.
Kf2 Qxg5 29. Qe6+ Kd8 30. Rad1+ Kc7 31. Qd7+ Kb8 32. Rh1 Rhf8+ 33. Ke2 Qh5+ 34.
Kd2 Rfd8 35. Qxd8 Rxd8+ 36. Kc1 Rxd1+ 37. Nxd1 Qe2 38. Nf5 Ng4 39. Rxh7 Qxe4 40.
Rh8+ Kc7 41. Rh7+ Kb6 42. Rf7 Nb3# 0-1

[Event "Challenge"]
[Site "http://www.queenalice.com/game.php?id=1591803"]
[Date "2019.12.1"]
[Round "-"]
[White "dejami"]
[Black "fracasso"]
[Result "1-0"]
[WhiteElo "1734"]
[BlackElo "1472"]

1. e4 e5 2. Bc4 d6 3. Qf3 Be6 4. Bb5+ c6 5. Bf1 d5 6. d3 Qa5+ 7. c3 d4 8. Bd2
Bxa2 9. c4 Bb4 10. Qd1 b5 11. Rxa2 Bxd2+ 12. Nxd2 Qxa2 13. b3 Nf6 14. h3 O-O 15.
Ne2 Qa5 16. Ng3 c5 17. Qg4 Qa1+ 18. Qd1 Qa5 19. Be2 Nc6 20. Nf5 a6 21. O-O Nb4
22. Nf3 Rfc8 23. Nxe5 bxc4 24. Nxc4 Qc7 25. Qd2 a5 26. Qg5 g6 27. Nfd6 Na2 28.
Qxf6 Rf8 29. f4 Nc3 30. Bg4 a4 31. bxa4 Rxa4 32. f5 Ra2 33. fxg6 hxg6 34. Be6
Ne2+ 35. Kh2 Qa7 36. Bxf7+ Rxf7 37. Nxf7 Ra1 38. Qxg6+ Kf8 39. Nfd6+ Rxf1 40.
Qh6+ Ke7 41. Qh7+ Ke6 42. Qxa7 Nf4 43. Nf5 Nxd3 44. Qe7# 1-0

[Event "AUTO-INT-3493"]
[Site "http://www.queenalice.com/game.php?id=1595915"]
[Date "2020.1.10"]
[Round "1"]
[White "fracasso"]
[Black "kanibal"]
[Result "0-1"]
[WhiteElo "1453"]
[BlackElo "1579"]

1. e4 e5 2. Nf3 Nf6 3. Nc3 Nc6 4. Bc4 Bb4 5. O-O O-O 6. a3 Bxc3 7. bxc3 Na5 8.
Nxe5 Nxc4 9. Nxc4 Nxe4 10. Qg4 d5 11. Qe2 Bf5 12. f3 Nd6 13. Ne5 Bxc2 14. g4 Re8
15. f4 f6 16. Ra2 Ba4 17. Qd3 fxe5 18. Qxd5+ Nf7 19. Qxb7 e4 20. Qb4 Bd7 21. f5
Qh4 22. Qb7 Qxg4+ 23. Kf2 Qxf5+ 24. Ke1 Qh3 25. Qxc7 e3 26. dxe3 Qh4+ 27. Raf2
Be6 28. Kd2 Rad8+ 29. Kc2 Rf8 30. Qxa7 Qc4 31. Rf4 Qb3# 0-1

[Event "AUTO-INT-3493"]
[Site "http://www.queenalice.com/game.php?id=1595916"]
[Date "2020.1.10"]
[Round "1"]
[White "kanibal"]
[Black "fracasso"]
[Result "0-1"]
[WhiteElo "1590"]
[BlackElo "1442"]

1. e4 e5 2. d4 Nc6 3. d5 Nd4 4. c3 d6 5. cxd4 Nf6 6. Nc3 c6 7. Bd3 cxd5 8. Nxd5
Nd7 9. Nf3 exd4 10. Nxd4 Ne5 11. O-O g6 12. f4 Bg4 13. Be2 Bd7 14. fxe5 dxe5 15.
Nb3 f5 16. exf5 Bxf5 17. Bb5+ Kf7 18. Bc4 Kg7 19. Qf3 Bd6 20. Qe3 Re8 21. Qh6+
Kh8 22. Bg5 Be7 23. Rae1 Bxg5 24. Rxf5 Bxh6 25. Rexe5 gxf5 26. Rxf5 Re1+ 27. Kf2
Rd1 28. Ke2 Rh1 29. h3 Qe8+ 30. Kf3 Rc8 31. Rf6 Rxc4 32. Rxh6 Rf1+ 33. Kg3 Qe5+
34. Nf4 Qxf4# 0-1

[Event "AUTO-INT-3493"]
[Site "http://www.queenalice.com/game.php?id=1595917"]
[Date "2020.1.10"]
[Round "1"]
[White "fracasso"]
[Black "Bigchess"]
[Result "0-1"]
[WhiteElo "1461"]
[BlackElo "1758"]

1. e4 e5 2. Nf3 d6 3. d4 Qe7 4. Bc4 Bg4 5. h3 Bh5 6. O-O exd4 7. Qxd4 Bxf3 8.
gxf3 Nf6 9. Nc3 Nc6 10. Qd3 O-O-O 11. Bd2 Kb8 12. Rfe1 Qd7 13. Kf1 Qxh3+ 14. Ke2
Ne5 15. Qd4 Nxc4 16. Qxc4 Qd7 17. Be3 d5 18. exd5 Bd6 19. Ne4 Be5 20. c3 Nxd5
21. Nc5 Qc6 22. Rh1 Nb6 23. Qxf7 Rhf8 24. Qe7 Qxf3+ 25. Kf1 Qxh1+ 26. Ke2 Qxa1
27. Qxe5 Qxb2+ 28. Bd2 Rxd2+ 29. Ke3 Re2+ 0-1

[Event "AUTO-INT-3493"]
[Site "http://www.queenalice.com/game.php?id=1595918"]
[Date "2020.1.10"]
[Round "1"]
[White "Bigchess"]
[Black "fracasso"]
[Result "1-0"]
[WhiteElo "1753"]
[BlackElo "1457"]

1. e4 e5 2. Bc4 f6 3. d4 Ne7 4. Nf3 c6 5. dxe5 fxe5 6. Nxe5 d5 7. exd5 cxd5 8.
Qf3 Nf5 9. Qh5+ Ke7 10. Qf7+ Kd6 11. Qxd5+ Kc7 12. Qxd8+ Kxd8 13. Nf7+ Ke8 14.
Nxh8 Nd7 15. Nf7 Nd4 16. Bb3 Nc5 17. Na3 Ndxb3 18. Ng5 Nxa1 19. O-O Bf5 20. Be3
Rd8 21. Rxa1 Be7 22. Nf3 Bf6 23. Bxc5 Bxb2 24. Re1+ Kf7 25. Nc4 Bc3 26. Nd6+
Rxd6 27. Bxd6 Bxc2 28. Re7+ Kf6 29. Rc7 Ke6 30. Rxc3 Kxd6 31. Rxc2 Kd5 32. Rc7
Ke4 33. Rxb7 1-0

[Event "AUTO-INT-3503"]
[Site "http://www.queenalice.com/game.php?id=1600038"]
[Date "2020.2.19"]
[Round "1"]
[White "fracasso"]
[Black "SunKite"]
[Result "1-0"]
[WhiteElo "1481"]
[BlackElo "1463"]

1. e4 e5 2. Nf3 Qf6 3. Bd3 g5 4. O-O g4 5. Ne1 d6 6. f3 gxf3 7. Rxf3 Qg6 8. Rg3
Qf6 9. Rf3 Bg4 10. Nc3 c6 11. Nd5 Qd8 12. h3 Bxf3 13. Qxf3 cxd5 14. exd5 f6 15.
Bb5+ Ke7 16. d3 a6 17. Bc4 b5 18. Bb3 Nd7 19. Qf5 Nh6 20. Qe6# 1-0

[Event "AUTO-INT-3503"]
[Site "http://www.queenalice.com/game.php?id=1600039"]
[Date "2020.2.19"]
[Round "1"]
[White "SunKite"]
[Black "fracasso"]
[Result "1-0"]
[WhiteElo "1473"]
[BlackElo "1465"]

1. e4 e5 2. Qf3 f6 3. g4 c6 4. Bc4 b5 5. Bd3 Bb7 6. b3 Ne7 7. a4 d5 8. exd5 cxd5
9. Qg3 d4 10. axb5 Bxh1 11. f3 a6 12. h3 g6 13. Qh2 Bxf3 14. Nxf3 Qd5 15. Qg3 h5
16. gxh5 Nf5 17. Qxg6+ Qf7 18. Qxf5 Rxh5 19. Qc8+ Ke7 20. Bc4 Qg7 21. Qe6+ Kd8
22. Qb6+ 1-0

[Event "AUTO-INT-3503"]
[Site "http://www.queenalice.com/game.php?id=1600040"]
[Date "2020.2.19"]
[Round "1"]
[White "fracasso"]
[Black "BobFish"]
[Result "0-1"]
[WhiteElo "1480"]
[BlackElo "1679"]

1. e4 c5 2. c4 Nc6 3. Nf3 e6 4. Bd3 g6 5. O-O Bg7 6. g3 Nge7 7. Nc3 O-O 8. a3 f5
9. b4 cxb4 10. axb4 Nxb4 11. Ne1 Nxd3 12. Nxd3 fxe4 13. Nf4 d5 14. f3 dxc4 15.
Nxe6 Bxe6 16. Rb1 Qd4+ 17. Kg2 exf3+ 18. Rxf3 Bg4 19. Ne2 Bxf3+ 20. Kf1 Bg4+ 21.
Ke1 Qf2# 0-1

[Event "AUTO-INT-3503"]
[Site "http://www.queenalice.com/game.php?id=1600041"]
[Date "2020.2.19"]
[Round "1"]
[White "BobFish"]
[Black "fracasso"]
[Result "1-0"]
[WhiteElo "1687"]
[BlackElo "1472"]

1. e4 e5 2. Nf3 Nc6 3. Bc4 d6 4. O-O Nf6 5. Ng5 Be6 6. Nxe6 Qe7 7. Nxf8 Qxf8 8.
Re1 O-O-O 9. Nc3 Na5 10. d3 c6 11. h3 a6 12. Be3 d5 13. Bb6 Nxc4 14. dxc4 dxc4
15. Bxd8 Qxd8 16. Qe2 b5 17. Red1 Qc7 18. a4 Rd8 19. Rxd8+ Qxd8 20. axb5 axb5
21. Ra8+ 1-0

[Event "AUTO-INT-3503"]
[Site "http://www.queenalice.com/game.php?id=1600042"]
[Date "2020.2.19"]
[Round "1"]
[White "fracasso"]
[Black "balu"]
[Result "0-1"]
[WhiteElo "1486"]
[BlackElo "1738"]

1. e4 e5 2. Nf3 Nc6 3. Bc4 h6 4. O-O Nf6 5. Nc3 Bd6 6. Nd5 O-O 7. c3 Nxe4 8. d4
exd4 9. cxd4 a6 10. Bd3 Nf6 11. Nxf6+ Qxf6 12. a3 Nxd4 13. Be3 Be5 14. Nxd4 Bxd4
15. Bxd4 Qxd4 16. Qf3 c6 17. Rfd1 Qxb2 18. Be2 d5 19. Rab1 Qe5 20. Re1 Bf5 21.
Bxa6 Qf6 22. Bxb7 Rab8 23. Qb3 Bxb1 24. Rxb1 Qe7 25. Qb4 Qxb4 26. Rxb4 Rfe8 27.
f3 Re1+ 28. Kf2 Re7 29. Ba6 Rxb4 30. axb4 Kf8 31. Kg3 Re3 32. Bb7 Re6 33. Kf2
Ke8 34. Kg3 Kd7 35. f4 Kc7 36. Ba6 c5 37. bxc5 Rxa6 38. h4 f5 39. Kf3 Ra3+ 40.
Kf2 Kc6 41. Ke2 Kxc5 42. Kf2 h5 43. Ke2 d4 44. Kd2 Kd5 45. Ke2 Ke4 46. Kf2 Kxf4
47. Kg1 Kg3 48. Kh1 Ra1# 0-1

[Event "AUTO-INT-3503"]
[Site "http://www.queenalice.com/game.php?id=1600043"]
[Date "2020.2.19"]
[Round "1"]
[White "balu"]
[Black "fracasso"]
[Result "1-0"]
[WhiteElo "1655"]
[BlackElo "1496"]

1. e4 e5 2. Nf3 Nc6 3. Bc4 Nf6 4. c3 Nxe4 5. d3 Nf6 6. Ng5 d5 7. Bb5 a6 8. Bxc6+
bxc6 9. h3 h6 10. Nf3 g5 11. Nxe5 Bb7 12. d4 Nd7 13. Nxf7 Kxf7 14. O-O c5 15. f4
Nf6 16. b3 Qd6 17. fxg5 hxg5 18. Bxg5 Rg8 19. Rxf6+ Qxf6 20. Bxf6 Kxf6 21. Qf3+
Ke7 22. Qh5 Re8 23. Nd2 Kd8 24. Qf5 Bd6 25. b4 Rgf8 26. Qg4 Bf4 27. Nf3 Be3+ 28.
Kh1 Bc8 29. Qh4+ Kd7 30. Ne5+ Kd6 31. bxc5+ Ke6 32. Re1 Bd2 33. Rd1 Bxc3 34.
Qh6+ Rf6 35. Ng6 Bd7 36. Qe3+ Kf7 37. Ne5+ Ke7 38. Qxc3 Bf5 39. c6 Be6 40. Qc5+
Kd8 41. Rb1 Rf4 42. Nd7 Bxd7 43. Qxd5 Rf5 44. Qxd7# 1-0

[Event "Challenge"]
[Site "http://www.queenalice.com/game.php?id=1601072"]
[Date "2020.2.28"]
[Round "-"]
[White "OzzyOzPawn"]
[Black "fracasso"]
[Result "1-0"]
[WhiteElo "1937"]
[BlackElo "1457"]

1. e4 e5 2. Nf3 f6 3. Nxe5 fxe5 4. Qh5+ g6 5. Qxe5+ Be7 6. Qxh8 Bf6 7. Qxg8+ Ke7
8. Qxh7+ Kd6 9. Qxg6 Ke7 10. Bc4 c6 11. Qf7+ 1-0